000 00556 a2200157 4500
003 NUST
005 20251027142952.0
040 _cNust
082 _a621.382,BUT
100 _aButt, Arshad, Uzair (TE-47)
_9131570
245 _aDesigning & Development of Wireless Charging System for Mobile Devices Using Electromagnetic Radiation Power /
_cUzair Arshad Butt, Muhammad Muneeb Khalid, Babar Ali, Muhammad Zahran Mughal
260 _aRawalpindi
_bMCS (NUST)
_cJune-2014
650 _aUG Project
_9131132
651 _aUG EE Project
_9131571
942 _2ddc
_cPR
999 _c212159
_d212159